书目信息 |
| 题名: |
井冈山区域经济社会历史变迁研究
|
|
| 作者: | 张泰城 , 陈钢 , 肖发生 著 | |
| 分册: | ||
| 出版信息: | 北京 中国社会科学出版社 2013 |
|
| 页数: | 308页 | |
| 开本: | 24cm | |
| 丛书名: | ||
| 单 册: | ||
| 中图分类: | F127.56 | |
| 科图分类: | ||
| 主题词: | 区域经济发展--经济史--研究--江西--1912-2012 , 社会发展史--研究--江西--1912-2012 , 区域经济发展 , 经济史 , 社会发展史 | |
| 电子资源: | ||
| ISBN: | 978-7-5161-2215-0 | |
| 000 | 01216nam0 2200301 450 | |
| 001 | 519 | |
| 005 | 20140908162238.28 | |
| 010 | @a978-7-5161-2215-0@dCNY59.00 | |
| 100 | @a20130724d2013 em y0chiy50 ea | |
| 101 | 0 | @achi |
| 102 | @aCN@b110000 | |
| 105 | @aa z 000yy | |
| 106 | @ar | |
| 200 | 1 | @a井冈山区域经济社会历史变迁研究@AJing Gang Shan Qu Yu Jing Ji She Hui Li Shi Bian Qian Yan Jiu@e1912-2012@f张泰城,陈钢,肖发生著@FZhang Tai Cheng, Chen Gang, Xiao Fa Sheng Zhu |
| 210 | @a北京@c中国社会科学出版社@d2013 | |
| 215 | @a308页@c图@d24cm | |
| 330 | @a本书既是一部革命老区百年的经济社会发展变迁史,也是近现代中国社会发展的一个缩影。它关注着现代化因素在相对封闭落后区域的扩散,它描述着经济社会结构和生产生活方式的变革,它探析了传统社会在走向现代化过程中该如何传承与创新等内容。 | |
| 606 | 0 | @a区域经济发展@x经济史@x研究@y江西@z1912-2012 |
| 606 | 0 | @a社会发展史@x研究@y江西@z1912-2012 |
| 606 | 0 | @a区域经济发展 |
| 606 | 0 | @a经济史 |
| 606 | 0 | @a社会发展史 |
| 690 | @aF127.56@v5 | |
| 701 | 0 | @a张泰城@AZhang Tai Cheng@4著 |
| 701 | 0 | @a陈钢@AChen Gang@f(1952~)@4著 |
| 701 | 0 | @a肖发生@AXiao Fa Sheng@f(1975~)@4著 |
| 801 | 0 | @aCN@bTANGWEI@c20140603 |
| 905 | @b0839116-18@dF127.56@e229@f3 | |
| 井冈山区域经济社会历史变迁研究:1912-2012/张泰城,陈钢,肖发生著.-北京:中国社会科学出版社,2013 |
| 308页:图;24cm |
| ISBN 978-7-5161-2215-0:CNY59.00 |
| 本书既是一部革命老区百年的经济社会发展变迁史,也是近现代中国社会发展的一个缩影。它关注着现代化因素在相对封闭落后区域的扩散,它描述着经济社会结构和生产生活方式的变革,它探析了传统社会在走向现代化过程中该如何传承与创新等内容。 |
| ● |
| 相关链接 |
|
|
|
|
正题名:井冈山区域经济社会历史变迁研究
索取号:F127.56/229
 
预约/预借
| 序号 | 登录号 | 条形码 | 馆藏地/架位号 | 状态 | 备注 |
| 1 | 0839116 | 208391168 | 第一样本阅览室/ [索取号:F127.56/229] | 在馆 | |
| 2 | 0839117 | 208391177 | 密集书库-海洋学院/ [索取号:F127.56/229] | 在馆 | |
| 3 | 0839118 | 208391186 | 第一借阅区/ [索取号:F127.56/229] | 在馆 |